Missing Word: Bells and Whistles Quiz Stats

 Plays Quiz Updated Jul 19, 2018

Score 0/18 Timer 03:00
0 Plays Today
Hint Missing word % Correct
_____ by the BellSaved
98.9%
Alexander ______ BellGraham
94.5%
For Whom the Bell _____Tolls
93.5%
______ BellTinker
91.2%
Whistle a different ____tune
91%
___ your whistleWet
86.8%
____ the whistle onBlow
85.6%
Bell's _____palsy
78.3%
Set off _____ bellsalarm
73.9%
Hint Missing word % Correct
______ BellsJingle
73.2%
Whistler's ______Mother
71%
Whistling tree ____frog
66.2%
Give a _____ WhistleLittle
65.6%
Bell _____curve
63.5%
Black-bellied whistling ____duck
51.3%
The Diving Bell and the _________Butterfly
32.5%
Whistle Down the ____Wind
27.7%
Whistling _____thorn
6%

Today's Daily Dose

You're not logged in!

Compare scores with friends on all Sporcle quizzes.
OR
Log In

Sporcle TV

Today on Sporcle TV


Watch our educational content, quiz creation guides, and fun videos on Sporcle TV.

Show Comments

Extras

Top Quizzes Today


Score Distribution

Your Account Isn't Verified!

In order to create a playlist on Sporcle, you need to verify the email address you used during registration. Go to your Sporcle Settings to finish the process.

Report this User

Report this user for behavior that violates our Community Guidelines.

Details: